| 000 | 00387nam a22001217a 4500 | ||
|---|---|---|---|
| 999 |
_c1616 _d1616 |
||
| 005 | 20200902111409.0 | ||
| 008 | 200902b ||||| |||| 00| 0 eng d | ||
| 020 | _a9789982761062 | ||
| 040 | _cCML | ||
| 245 |
_aExcel & Advance in Biology Learner's Book Grade. _cSekeleti, K. |
||
| 260 |
_aNairobi _bLonghorn Publishers Ltd _c2017 |
||
| 942 |
_2ddc _cBK _e1st Edition _h570 _mSEK |
||